| 000 | 00628nam a2200217 i 4500 | ||
|---|---|---|---|
| 001 | bg | ||
| 100 | 1 | _aBRASSINGTON, Frances | |
| 245 | 1 | 0 |
_aPrinciples of marketing / _cFrances Brassington, Stephen Pettitt. |
| 260 |
_aLondon [et al.] : _bPitman, _ccop. 1997. |
||
| 300 |
_aXVIII, 1086 s. : _bfaks., fot., 1 portr., rys., wykr. kolor. ; _c27 cm. |
||
| 504 | _aBibliogr. przy rozdz. - Indeks. | ||
| 650 | 9 | _aMarketing | |
| 700 | 1 | _aPETTITT, Stephen | |
| 020 | _a0273605135 | ||
| 040 | _cBPK | ||
| 041 | 0 | _aen | |
| 080 | _a339.138 | ||
| 920 | _a0-273-60513-5 | ||
| 942 | _cKS | ||
| 008 | s pl f |000 0 pol | ||
| 999 |
_c33464 _d33464 |
||
| 856 |
_uhttp://koha.tu.koszalin.pl/cgi-bin/koha/opac-detail.pl?biblionumber=33464 _yKatalog online BPK |
||